[Event "GER-chT U12"]
[Site "Arendsee"]
[Date "2011.12.28"]
[Round "3.4"]
[White "Rauch, Marie Louise"]
[Black "Suvorov, Alexander David"]
[Result "1/2-1/2"]
[WhiteElo "1029"]
[BlackElo "1259"]
[PlyCount "63"]
[EventDate "2011.12.27"]
[EventType "team-swiss"]
[EventRounds "7"]
[EventCountry "GER"]
[SourceTitle "EXT 2022"]
[Source "ChessBase"]
[SourceDate "2021.10.06"]
[SourceVersion "1"]
[SourceVersionDate "2021.10.06"]
[SourceQuality "1"]
[WhiteTeam "Saalfeld U12"]
[BlackTeam "Porz SG U12"]
[WhiteTeamCountry "GER"]
[BlackTeamCountry "GER"]

1. e4 Nc6 2. Nc3 d6 3. Bc4 Nf6 4. Nf3 Bg4 5. h3 Bxf3 6. Qxf3 Ne5 7. Qe2 e6 8. d4 Ned7 9. e5 Ng8 10. exd6 Bxd6 11. d5 e5 12. 0-0 Ngf6 13. Bb5 0-0 14. Bxd7 Qxd7 15. Bg5 Qf5 16. Bxf6 Qxf6 17. Ne4 Qg6 18. c4 f5 19. Nxd6 cxd6 20. Rac1 b6 21. Rc3 Rae8 22. Rg3 Qh6 23. Rc3 Rf6 24. f4 Kf8 25. Re3 e4 26. Ra3 Rg6 27. Qe3 Ra8 28. b4 Rf6 29. c5 dxc5 30. bxc5 Qg6 31. Rd1 Qh5 32. Rb1 1/2-1/2